JAKE (Record no. 5717)
[ view plain ]
| 000 -LEADER | |
|---|---|
| fixed length control field | 00237nam a22001217a 4500 |
| 020 ## - INTERNATIONAL STANDARD BOOK NUMBER | |
| ISBN | 0-340-75281-5 |
| 082 ## - DEWEY DECIMAL CLASSIFICATION NUMBER | |
| Classification number | 823 |
| Item number | BUT/J |
| 100 ## - MAIN ENTRY--AUTHOR NAME | |
| Personal name | BUTTERWORTH, NICK |
| 245 ## - TITLE STATEMENT | |
| Title | JAKE |
| 260 ## - PUBLICATION, DISTRIBUTION, ETC. (IMPRINT) | |
| Name of publisher | NICK BUTTER WORTH |
| 300 ## - PHYSICAL DESCRIPTION | |
| Number of Pages | 61 |
| 942 ## - ADDED ENTRY ELEMENTS (KOHA) | |
| Koha item type | Books |
| Withdrawn status | Lost status | Collection code | Home library | Current library | Shelving location | Date acquired | Source of acquisition | Full call number | Accession Number | Koha item type |
|---|---|---|---|---|---|---|---|---|---|---|
| Fiction | Main Library | Main Library | SHELF 15-I-CHILDREN'S STORYBOOKS | 22/07/2019 | Purchase | 823 BUT/J | 11440 | Books |